Estatísticas para Marcas que começam com F

Clique aqui para jogar o quiz

Estatísticas Gerais

  • Esse quiz foi jogado 12 vezes
  • A pontuação média é 5 de 25

Estatísticas das Respostas

HintResposta% Correto
5.Ferrari
82%
14.Ford
82%
1.Fiat
64%
7.Fila
45%
3.Fanta
36%
19.Fox
36%
22.Faber Castell
27%
2.Facebook
18%
8.Fini
18%
13.Forbes
18%
6.Ferrero Rocher
9%
9.Firefox
9%
10.Firestone
9%
18.Fossil
9%
25.Fujitsu
9%
4.Fedex
0%
21.Fisher Price
0%
12.Fleischmann
0%
11.Fnac
0%
15.Forever 21
0%
16.Formule 1
0%
17.Fortine
0%
20.Foxlife
0%
24.Friskies
0%
23.Froot Loops
0%

Distribuição das Pontuações

Percentil de Números Respondidos

Porcentagem de Pessoas com Cada Pontuação

Sua Pontuação Histórica

Você não jogou esse quiz